000 00534nam a2200169 a 4500
001 000001908
005 20200929145743.0
008 900726s1926 nyu 001 0aeng
040 _aDO-SdBNP
_bspa
_cBNPHU
082 _a923.9
_bP778t
245 0 0 _aTravels of Marco Polo /
_cedición Manuel Komroff.
260 _aNew York :
_bThe Modern Library,
_c1926.
300 _axxxi, 351 p. ;
_c19 cm.
610 1 0 _aPOLO, MARCO,
_d1254-1324.
_96213
650 4 _aÁsia
_xDescubrimiento y exploraciones
_96214
700 1 _aKomroff, Manuel,
_eed.
_96215
999 _c1778
_d1778